| 000 | 00812nam a2200217 a 4500 | ||
|---|---|---|---|
| 005 | 20210219160515.0 | ||
| 008 | 081109s1982 mx r 000 0 spa d | ||
| 020 | _a9688011312 | ||
| 035 | _aUPN01000167108 | ||
| 049 | _aUNE | ||
| 080 | _a371.67/ .68: 378.4 (72) MEN. | ||
| 100 | 1 | _aMendoza T., Francisco | |
| 245 | 1 | 0 |
_aEducación modular a nivel superior : _bestudio sobre la Universidad Autónoma Metropolitana- Unidad Xochimilco / _cFrancisco Mendoza T. |
| 260 |
_aMéxico : _bSEP, _c1982. |
||
| 300 | _a43 p. | ||
| 440 | 0 | _aProspectiva tecnológica año 2000 | |
| 690 | _aTecnologia educacional- Universidades- Mexico | ||
| 710 | 2 | _aGEFE. Grupo de Estudios sobre el Financiamiento de la Educación (México) | |
| 710 | 2 | _aInstituto Latinoamericano de la Comunicación Educativa. | |
| 905 | _aUNESCO | ||
| 999 |
_c139219 _d139219 |
||